000 00558nam a22001817a 4500
005 20251108173039.0
008 250721s9999 xx 000 0 ara d
082 1 4 _a811.1/طرف
100 1 _aطرفة بن العبد، أبو عمرو طرفة بن العبد بن سفيان
245 1 0 _aديوان طرفة بن العبد /
264 1 _aبيروت :
_bدار القلم،
300 _a96 ص
650 1 7 _aالشعر العربي
650 1 7 _aالعصر الجاهلي
700 1 _aطماس، حمدو
942 _2ddc
_cBK
999 _c94840
_d94840